000 01708nam0a2200361 4500
001 RU\NLR\bibl\1270211
005 20250615133844.0
010 _a978-5-94057-192-6
_91000
021 _aRU
_b2008-53759
_92976
035 _a(NLR Aleph) 001256088
090 _a349563
_c349563
100 _a20080908d2008 |||y0rusy50 ca
101 1 _arus
_ceng
102 _aRU
105 _aa |||||||||
200 1 _aАбелевы функции. Теорема Абеля и связанная с ней теория тэта-функций
_fГ. Бейкер
_gпер. [с англ.] С.М. Львовского
_gпредисл. И.М. Кричевера
210 _aМосква
_cИзд-во МЦНМО
_d2008
215 _a733 с.
_cил.
_d24
225 1 _aКлассические монографии: математика
300 _aЗагл. и авт. ориг.: Abelian functions / H.F. Baker
320 _aБиблиогр.: с. 27 (15 назв.), в подстроч. прим. и в тексте
320 _aУказатели: Предм., Имен: с. 723-733
454 0 _12001#$aAbelian functions$fH.F. Baker
_1700#1$aBaker$bH. F.$4070
_tAbelian functions
_aBaker, H. F.
517 0 _aТеорема Абеля и связанная с ней теория тэта-функций
606 1 _aАбелевы функции
_91073701
_3RU\NLR\auth\6699956
686 _aВ161.519.9
700 1 _aБейкер
_bГ. Ф.
_gГенри Фредерик
_4070
801 0 _aRU
_bNLR
_c20080908
_gRCR
801 1 _aRU
_bNLR
_c20080908
830 _aАвт. по кн.
942 _cBOOK
980 _aNB